[Event "KB Czech Open"]
[Site "Pardubice CZE"]
[Date "2003.07.20"]
[Round "3"]
[White "Gyimesi,Z"]
[Black "Zumsande,M"]
[Result "1/2-1/2"]
[WhiteElo "2553"]
[BlackElo "2398"]

1.d4 e6 2.c4 d5 3.Nc3 Be7 4.Nf3 Nf6 5.Bf4 O-O 6.e3 c5 7.dxc5 Bxc5 8.a3 Nc6
9.Qc2 Qa5 10.O-O-O Be7 11.g4 dxc4 12.Bxc4 e5 13.g5 exf4 14.gxf6 Bxf6 15.Rd5 Qc7
16.Rh5 g6 17.Rg1 Be6 18.Ne4 Qe7 19.Nxf6+ Qxf6 20.Bxe6 Qxe6 21.Ng5 Qa2 22.Nxh7 Qa1+
23.Qb1 Qxb1+ 24.Kxb1 fxe3 25.fxe3 Rfd8 26.Nf6+ Kg7 27.Rf5 Rd2 28.Nh5+ Kg8
29.Nf6+ Kf8 30.Rb5 b6 31.Rc1 Rc8 32.h4 Ne7 33.h5 gxh5 34.Rxh5 Rxc1+ 35.Kxc1 Rd6
36.Rh8+ Kg7 37.Ne8+ Kxh8 38.Nxd6 Kg7 39.Kd2 Kf6 40.Kd3 Ke6 41.Nb5 a5 42.Nc3 Nd5
43.Ne4 Ke5 44.Nd2 f5 45.Nc4+ Ke6 46.b3 a4 47.bxa4 Kd7 48.Kd4 Kc6 49.a5 bxa5
50.Nxa5+ Kd6 51.Nc4+ Kc6 52.Ne5+ Kd6 53.Nd3 Nb6 54.Nf4 Kc6 55.Ne2 Kb5 56.Nc3+ Ka5
57.Kc5 Nd7+ 58.Kc4 Ne5+ 59.Kb3 Nd3 60.Ne2 Nc5+ 61.Ka2 Ne6 62.Nf4 Nc5 63.Nd5 Ne6
64.Nf4 Nc5 65.Ng2 Ka4 66.Nh4 Ne4  1/2-1/2

[Event "3rd Savaria Summer Open"]
[Site "Szombathely HUN"]
[Date "2003.07.20"]
[Round "2"]
[White "Galyas,M"]
[Black "Gjuran,D"]
[Result "1-0"]
[WhiteElo "2419"]
[BlackElo "2230"]

1.d4 d5 2.c4 e6 3.Nf3 Nf6 4.Nc3 Be7 5.Bf4 c6 6.e3 O-O 7.Qc2 Nbd7 8.h3 Re8
9.Rd1 Nf8 10.Bd3 Ng6 11.Bh2 Bd6 12.Bxd6 Qxd6 13.O-O Bd7 14.e4 dxe4 15.Nxe4 Nxe4
16.Bxe4 Rad8 17.Rfe1 Bc8 18.c5 Qf4 19.Bxg6 hxg6 20.Re4 Qc7 21.Ne5 Rd5 22.Rf4 f6
23.Rxf6 gxf6 24.Qxg6+ Kf8 25.Qxf6+ Kg8 26.Qg6+ Kf8 27.Rd3 Rxe5 28.Qf6+ Qf7
29.Qxe5 Qh7 30.Rf3+ Kg8 31.Rg3+ Kf8 32.Qf6+ Qf7 33.Qh6+  1-0

[Event "1st Open"]
[Site "Marche Estate ITA"]
[Date "2003.07.22"]
[Round "2"]
[White "Efimov,I"]
[Black "Tosoni,A"]
[Result "1/2-1/2"]
[WhiteElo "2479"]
[BlackElo "2205"]

1.d4 e6 2.c4 d5 3.Nf3 Nf6 4.Nc3 Be7 5.Bf4 O-O 6.e3 c5 7.dxc5 Bxc5 8.Be2 dxc4
9.Bxc4 a6 10.O-O b5 11.Bd3 Bb7 12.Rc1 Nbd7 13.Ng5 Qb6 14.Nxh7 Nxh7 15.Bxh7+ Kxh7
16.Qxd7 Rad8 17.Qc7 Qxc7 18.Bxc7 Rd2 19.Nb1 Rd5 20.e4 Rh5 21.g4 Rg5 22.h3 Bxe4
23.Bf4 Rd5 24.Nc3 Rd4 25.Be3 Bf3 26.Bxd4 Bxd4 27.Rfe1 f5 28.Kh2 Bxf2 29.Rxe6 fxg4
30.hxg4 Rh8 31.Re5 g6 32.Ne4 Kg7+ 33.Rh5 gxh5 34.Rc7+ Kg6 35.Nxf2 hxg4+ 36.Kg3  1/2-1/2

[Event "25th Politiken Cup"]
[Site "Copenhagen DEN"]
[Date "2003.07.24"]
[Round "10"]
[White "De Andres Gonalons,F"]
[Black "Tandrup,M"]
[Result "0-1"]
[WhiteElo "2112"]
[BlackElo "1984"]

1.d4 d5 2.c4 e6 3.Nc3 Nf6 4.Nf3 Be7 5.Bf4 O-O 6.e3 c6 7.h3 Nbd7 8.Qb3 dxc4
9.Bxc4 Nb6 10.Be2 Nbd5 11.Be5 Qa5 12.O-O c5 13.Nxd5 Nxd5 14.Rac1 cxd4 15.Bxd4 b6
16.Bd3 Ba6 17.Bxa6 Qxa6 18.e4 Nf4 19.Qc4 Qxc4 20.Rxc4 Rfc8 21.Rxc8+ Rxc8
22.Rd1 Ne2+ 23.Kf1 Nxd4 24.Rxd4 f6 25.Ke2 Rc2+ 26.Rd2 Rc4 27.Kd3 Rc7 28.Nd4 Rd7
29.Ke2 Bc5 30.Nxe6 Rxd2+ 31.Kxd2 Bxf2 32.Kc3 Kf7 33.Nd8+ Ke8 34.Nc6 a6 35.Kc4 a5
36.Kd5 Kd7 37.e5 fxe5 38.Nxe5+ Kc7 39.b3 Bg3 40.Nc4 Bh2 41.Ke6 Bg1 42.Nd6 Kc6
43.Ne8 Bd4 44.Kf7 g5 45.Nf6 h6 46.Kg6 Kc5 47.Ne4+ Kb4 48.Kxh6 Ka3 49.Kxg5 Kxa2
50.Kf5 Kxb3 51.Nd2+ Kc2 52.Nc4 Kc3 53.Na3 Kb3 54.Nb5 Bh8 55.Ke4 Kb4 56.Nc7 a4
57.Kd3 a3 58.Nd5+ Kb3 59.Ne3 a2 60.Nc2 a1=Q 61.Nxa1+ Bxa1 62.g4 Bf6 63.Ke4 Ka3
64.Kf5 Bh8  0-1

[Event "6th Magistral"]
[Site "Vicente Lopez ARG"]
[Date "2003.07.24"]
[Round "1"]
[White "Panno,O"]
[Black "Scarella,E"]
[Result "1-0"]
[WhiteElo "2480"]
[BlackElo "2374"]

1.d4 d5 2.c4 e6 3.Nc3 Be7 4.Nf3 Nf6 5.Bf4 O-O 6.e3 c5 7.dxc5 Nc6 8.cxd5 exd5
9.Be2 Bxc5 10.O-O Be6 11.Rc1 Bb6 12.Ne5 d4 13.Nxc6 bxc6 14.exd4 Bxd4 15.Na4 c5
16.Nxc5 Bxb2 17.Nxe6 fxe6 18.Rc2 Nd5 19.Bg3 Qf6 20.Bg4 Kh8 21.Qe1 Bd4 22.Qxe6 Rad8
23.Qxf6 Nxf6 24.Bf3 Bb6 25.Re1 Rf7 26.h3 h6 27.Rec1 Rd3 28.Bc7 Rxf3 29.gxf3 Nd5
30.Bxb6 axb6 31.Rd2 Rf5 32.Rc4 Kh7 33.Kh2 Kg6 34.Kg3 Kf7 35.f4 Ke6 36.Rc6+ Kf7
37.Rd4 Rh5 38.Re4 Nf6 39.Re5 g5 40.Rf5 gxf4+ 41.Rxf4 Rg5+ 42.Kf3 Rg6 43.Rxb6  1-0

[Event "4th It"]
[Site "Montreal CAN"]
[Date "2003.07.26"]
[Round "4"]
[White "Vera,R"]
[Black "Barsov,A"]
[Result "1/2-1/2"]
[WhiteElo "2509"]
[BlackElo "2526"]

1.d4 Nf6 2.Nf3 d5 3.c4 e6 4.Nc3 Be7 5.Bf4 O-O 6.e3 c5 7.dxc5 Bxc5 8.a3 Nc6
9.Rc1 a6 10.cxd5 exd5 11.Bd3 d4 12.Ne2 Qe7 13.Nfxd4 Nxd4 14.exd4 Bxd4 15.Bxh7+ Kxh7
16.Qxd4 Re8 17.Be3 Ng4 18.Rc3 Bf5 19.O-O Rad8 20.Qf4 Qe5 21.h3 Nxe3 22.Rxe3 Qxf4
23.Nxf4 Rxe3 24.fxe3 Be4 25.h4 Rd2 26.Rf2 Rd1+ 27.Kh2 f6 28.Kg3 g5 29.Nh5 Kg6
30.Nxf6 gxh4+ 31.Kxh4 Bxg2 32.Rxg2+ Kxf6 33.Kg3 Ke5 34.Kf3 Rd3 35.Rg5+ Kd6
36.Rg4 Kc5 37.Rb4 b5 38.Ke2 Rd6 39.Rf4 a5 40.b4+ Kb6 41.Rd4 Rh6 42.Kd3 Rh1
43.Kc2 Rh2+ 44.Rd2 Rh4 45.Rd6+ Kc7 46.Rd4 Rh2+ 47.Kc3 Ra2 48.Kb3 Re2 49.Rd3 Kb6
50.Kc3 Ra2 51.Kd4 axb4 52.axb4 Rb2 53.Kc3 Re2 54.Rd6+ Kc7 55.Re6 Kd7 56.Re5 Kc6
57.Kd3 Rb2 58.Rc5+ Kb6 59.Kc3 Re2 60.Re5 Kc6 61.Kd3 Rb2 62.Re4 Kd5 63.Rd4+ Ke5
64.Rh4 Rb3+ 65.Kd2 Kd5 66.Rd4+ Ke5 67.Ke2 Rb1 68.Rh4 Kd5 69.Kf2 Rb2+ 70.Kf3 Rb1
71.Rd4+ Ke5 72.Re4+ Kd5 73.Rh4 Rf1+ 74.Ke2 Rb1 75.Rf4 Ke5 76.Kd2 Rb2+ 77.Kc3 Re2
78.Kd3 Rb2 79.Rh4 Rb3+ 80.Kd2 Kd5  1/2-1/2

[Event "ch-SCCF"]
[Site "Costa Mesa USA"]
[Date "2003.07.27"]
[Round "8"]
[White "Lakdawala,C"]
[Black "Casella,M"]
[Result "0-1"]
[WhiteElo "2435"]
[BlackElo "2338"]

1.Nf3 d5 2.d4 e6 3.c4 Nf6 4.Nc3 Be7 5.Bf4 O-O 6.e3 c5 7.dxc5 Bxc5 8.Qc2 Nc6
9.a3 Qa5 10.Nd2 Be7 11.Bg3 d4 12.Nb3 Qd8 13.Nxd4 Nxd4 14.exd4 Qxd4 15.Be2 Bd7
16.O-O Qb6 17.b4 a6 18.Rfd1 Rfd8 19.c5 Qa7 20.Bc7 Rf8 21.Na4 Bc6 22.Nb6 Rae8
23.a4 Nd5 24.Nxd5 Bxd5 25.Bc4 Rc8 26.Ba5 Bxc5 27.Bxd5 Bd4 28.Qe4 Bxf2+ 29.Kf1 exd5
30.Rxd5 Bg1 31.Rf5 g6 32.Rf3 Bxh2 33.Qe3 Qxe3 34.Rxe3 Bc7 35.Bxc7 Rxc7 36.Rb1 Rfc8
37.Rbb3 Rc4  0-1

[Event "Futurity"]
[Site "Kitchener CAN"]
[Date "2003.07.28"]
[Round "5"]
[White "Porper,E"]
[Black "Thavandiran,S"]
[Result "1-0"]
[WhiteElo "2435"]
[BlackElo "1996"]

1.Nf3 Nf6 2.c4 e6 3.d4 Bb4+ 4.Bd2 Be7 5.Nc3 d5 6.Bf4 Nbd7 7.c5 O-O 8.e3 c6
9.Bd3 Re8 10.Qc2 Bf8 11.O-O g6 12.b4 Nh5 13.Bg5 Qc7 14.g4 Ng7 15.Bf4 Qd8
16.h4 f6 17.h5 e5 18.hxg6 h5 19.gxh5 Nxh5 20.g7 Bxg7 21.Bg6 Nxf4 22.exf4 e4
23.Nxe4 dxe4 24.Qb3+ Kh8 25.Kg2 exf3+ 26.Kg3 Bh6 27.Rh1 Re7 28.Rxh6+ Kg7
29.Qxf3 Qg8 30.Qh5 Nf8 31.Rh1 Bd7 32.Rh8 Nxg6 33.Qh7+  1-0

[Event "Futurity"]
[Site "Kitchener CAN"]
[Date "2003.08.01"]
[Round "9"]
[White "Porper,E"]
[Black "Stevens,C"]
[Result "1-0"]
[WhiteElo "2435"]
[BlackElo "2219"]

1.d4 d5 2.c4 e6 3.Nf3 Be7 4.Nc3 Nf6 5.Bf4 O-O 6.e3 c5 7.dxc5 Bxc5 8.a3 Nc6
9.Qc2 Qa5 10.Nd2 Be7 11.Bg3 Bd7 12.Be2 Rfc8 13.O-O Qd8 14.Rad1 a6 15.cxd5 Nxd5
16.Nde4 Qb6 17.Nxd5 exd5 18.Nc3 Be6 19.Bf3 d4 20.exd4 Nxd4 21.Rxd4 Qxd4 22.Bxb7 Rf8
23.Bxa8 Rxa8 24.Rd1 Qc4 25.Qd2 h6 26.Qd3 Bf6 27.Qxc4 Bxc4 28.Bc7 Bxc3 29.bxc3 Rc8
30.Ba5 Rc6 31.f3 Kf8 32.Bb4+ Ke8 33.Rd4 Bb5 34.Kf2 Bc4 35.g4 Bb5 36.h4 Bc4
37.Kg3 Bb5 38.h5 Bc4 39.Re4+ Be6 40.f4 Kd7 41.f5 Ba2 42.Re7+ Kd8 43.Re3 f6
44.Be7+ Kc8 45.Bf8  1-0

[Event "IM"]
[Site "Aarhus DEN"]
[Date "2003.08.02"]
[Round "7"]
[White "Jedynak,R"]
[Black "Pedersen,Da"]
[Result "1/2-1/2"]
[WhiteElo "2453"]
[BlackElo "2360"]

1.d4 d5 2.c4 e6 3.Nc3 Be7 4.Nf3 Nf6 5.Bf4 O-O 6.e3 c5 7.dxc5 Bxc5 8.cxd5 Nxd5
9.Nxd5 exd5 10.a3 Nc6 11.Bd3 Bb6 12.O-O d4 13.e4 Bg4 14.h3 Bh5 15.g4 Bg6
16.Nd2 Bc7 17.Bxc7 Qxc7 18.f4 f6 19.Rc1 Rac8 20.Bc4+ Bf7 21.Bd5 Qd7 22.Qb3 Bxd5
23.exd5 Na5 24.Qf3 b5 25.Qe4 f5 26.Qe6+ Qxe6 27.dxe6 Nc4 28.Nxc4 bxc4 29.Rfd1 d3
30.b3 cxb3 31.e7 Rfe8 32.Rxc8 Rxc8 33.Rxd3 Kf7 34.Rxb3 fxg4 35.hxg4 Rc4 36.Rf3 Kxe7
37.Kg2 h6 38.Kg3 Ra4 39.Rc3 Kf6 40.Rd3 Kf7 41.Rf3 Kf6 42.Kh4 Kg6 43.f5+ Kf6
44.Rc3 Kf7 45.Kh5 Ra5 46.Rd3 Kf6 47.Rb3 Kf7 48.Rc3  1/2-1/2

[Event "Ceska Pojistovna Cup"]
[Site "Olomouc CZE"]
[Date "2003.08.03"]
[Round "5"]
[White "Wiley,To"]
[Black "Van Dijk,Ti"]
[Result "1/2-1/2"]
[WhiteElo "2328"]
[BlackElo "2224"]

1.d4 d5 2.c4 e6 3.Nc3 Be7 4.Nf3 Nf6 5.Bf4 c6 6.e3 Nbd7 7.cxd5 exd5 8.h3 O-O
9.Bd3 Re8 10.O-O Nf8 11.Rb1 Ng6 12.Bh2 Bd6 13.Bxd6 Qxd6 14.Qc2 Bd7 15.b4 Rec8
16.Rfc1 Qe6 17.a4 a6 18.a5 Re8 19.Na4 Qe7 20.Nc5 Be6 21.Rf1 Rad8 22.Rbe1 Bc8
23.Nd2 Qd6 24.f4 Nf8 25.Nf3 Re7 26.Ne5 Ne8 27.g4 f6 28.Nf3 g6 29.Kh1 Kh8
30.Rg1 Ng7 31.Qf2 Rde8 32.Rg3 Qc7 33.Re2 Nge6 34.Nxe6 Rxe6 35.g5 Qe7 36.gxf6 Rxf6
37.Qe1 Bf5 38.Bxf5 Rxf5 39.Ne5 Qf6 40.Reg2 Re6 41.Qb1 Kg7 42.Kg1 Rd6 43.Rg4 Rh5
44.Kh2 Qf5 45.Qxf5 Rxf5 46.h4 Rdf6 47.Kg1 Re6 48.Kf2 Kf6 49.Rg5 Re7 50.Kf3 Ke6
51.h5 Rxg5 52.Rxg5 Kf6 53.Ng4+ Ke6 54.Nh6 Rd7 55.hxg6 hxg6 56.Re5+ Kf6 57.Ng4+ Kf7
58.f5 gxf5 59.Rxf5+ Ke7 60.Ne5 Ke8 61.Rh5  1/2-1/2

[Event "HZ Open"]
[Site "Vlissingen NED"]
[Date "2003.08.04"]
[Round "4"]
[White "Kohlweyer,B"]
[Black "Kasimdzhanov,R"]
[Result "0-1"]
[WhiteElo "2399"]
[BlackElo "2664"]

1.d4 d5 2.c4 e6 3.Nf3 Nf6 4.Nc3 Be7 5.Bf4 O-O 6.e3 Nbd7 7.a3 c5 8.cxd5 Nxd5
9.Nxd5 exd5 10.dxc5 Nxc5 11.Be5 Bf5 12.Be2 a5 13.O-O a4 14.Rc1 Be4 15.Rc3 Bd6
16.Bxd6 Qxd6 17.Nd4 Rfd8 18.f3 Bg6 19.Qd2 h6 20.Rfc1 b6 21.Bf1 Qf6 22.Qf2 Bf5
23.Bb5 Bd7 24.Bf1 Re8 25.Rd1 Rad8 26.Bd3 g6 27.Bb1 Kg7 28.Ba2 Re5 29.Ne2 Bb5
30.Nd4 Ba6 31.Bb1 Bc4 32.Bc2 Rde8 33.Rd2 b5 34.g3 Qb6 35.Kg2 R5e7 36.h4 Ne6
37.Nxe6+ Rxe6 38.e4 dxe4 39.fxe4 Qb8 40.Qd4+ Kg8 41.Rf3 h5 42.Rf6 Qc8 43.Rxe6 Qxe6
44.Qd7 Qe5 45.Qd4 Qe6 46.Qd7 Qe5 47.Qd4 Qb8 48.Qd6 Qa8 49.Qd4 Be6 50.Kh2 Rc8
51.e5 Rc4 52.Qd8+ Qxd8 53.Rxd8+ Kg7 54.Bd3 Rc5 55.Kg2 Rxe5 56.Kf2 Kf6 57.Rd6 Ke7
58.Rb6 Bd7 59.Be2 Rc5 60.Bd3 Kd8 61.Ke3 Rc1 62.Rd6 Kc7 63.Rf6 Be8 64.Ra6 Rg1
65.Kf2 Rh1 66.Ra7+  0-1

[Event "ADCF Masters"]
[Site "Abu Dhabi UAE"]
[Date "2003.08.16"]
[Round "1"]
[White "Bagheri,A"]
[Black "Pourkashiyan,A"]
[Result "1-0"]
[WhiteElo "2500"]
[BlackElo "2235"]

1.d4 d5 2.c4 e6 3.Nc3 Nf6 4.Nf3 Be7 5.Bf4 O-O 6.e3 a6 7.c5 Nc6 8.Bd3 b6 9.cxb6 cxb6
10.O-O Bb7 11.h3 Rc8 12.Rc1 b5 13.Qe2 h6 14.Rfd1 Bd6 15.Bb1 Na5 16.Ne5 Ne4
17.Nxe4 Rxc1 18.Nf6+ Qxf6 19.Rxc1 Qd8 20.b3 Bxe5 21.dxe5 f5 22.exf6 Qxf6
23.Rc7 Rf7 24.Qh5 g5 25.Rxf7 Qxf7 26.Bh7+ Kf8 27.Bd6+ Kg7 28.Be5+ Kf8 29.Bg6 Qg8
30.Qxh6+ Ke7 31.Qxg5+ Kd7 32.h4 Nc6 33.Bf6 d4 34.h5 d3 35.Bxd3 Qxg5 36.Bxg5 Ne5
37.h6  1-0

[Event "ADCF Masters"]
[Site "Abu Dhabi UAE"]
[Date "2003.08.17"]
[Round "2"]
[White "Svetushkin,D"]
[Black "Kayumov,S"]
[Result "0-1"]
[WhiteElo "2571"]
[BlackElo "2479"]

1.d4 d5 2.c4 e6 3.Nc3 Be7 4.Nf3 Nf6 5.Bf4 O-O 6.e3 Nbd7 7.c5 c6 8.h3 b6 9.b4 a5
10.a3 h6 11.Bd3 Ba6 12.Bxa6 Rxa6 13.b5 cxb5 14.c6 Qc8 15.c7 b4 16.Nb5 a4
17.axb4 Bxb4+ 18.Ke2 Ra5 19.Qd3 Ne4 20.Rhc1 Qa8 21.Ne5 Nxe5 22.Bxe5 Rc8 23.Rab1 Bf8
24.f3 Nf6 25.Nc3 Nd7 26.Bg3 a3 27.Na2 Qb7 28.Rc2 b5 29.Rc3 e5 30.dxe5 Nc5  0-1

[Event "II American Continental"]
[Site "Buenos Aires ARG"]
[Date "2003.08.17"]
[Round "1"]
[White "Shulman,Y"]
[Black "Tobares,L"]
[Result "0-1"]
[WhiteElo "2559"]
[BlackElo "2283"]

1.d4 Nf6 2.c4 e6 3.Nc3 d5 4.Nf3 Be7 5.Bf4 O-O 6.e3 c5 7.dxc5 Bxc5 8.a3 Nc6
9.Qc2 Qa5 10.Nd2 Be7 11.Bg3 Bd7 12.Be2 Rfc8 13.O-O Qd8 14.Rad1 d4 15.Nce4 Nxe4
16.Nxe4 e5 17.b4 f5 18.Nd2 e4 19.Nxe4 fxe4 20.exd4 Bf6 21.Qxe4 Qe8 22.Bf3 Qxe4
23.Bxe4 Re8 24.Bd5+ Kh8 25.Rd2 Rad8 26.Rfd1 Nxd4 27.Bxb7 Ba4 28.Kf1 Bxd1
29.Rxd1 Nc2 30.Rxd8 Bxd8 31.f3 Ne3+  0-1

[Event "ch-FRA"]
[Site "Aix les Bains FRA"]
[Date "2003.08.24"]
[Round "7"]
[White "Dorfman,J"]
[Black "Vaisser,A"]
[Result "1/2-1/2"]
[WhiteElo "2607"]
[BlackElo "2571"]

1.d4 d5 2.c4 e6 3.Nf3 Nf6 4.Nc3 Be7 5.Bf4 O-O 6.e3 c5 7.dxc5 Bxc5 8.cxd5 Nxd5
9.Nxd5 exd5 10.a3 Nc6 11.Bd3 Bb6 12.O-O Bg4 13.h3 Bh5 14.b4 a6 15.Rc1 d4
16.g4 Bg6 17.e4 Re8 18.Re1 Rc8 19.e5 Ne7 20.Bc4 Rxc4 21.Rxc4 Qd5 22.Nd2 Bd3
23.Rc1 Bb5 24.Qb3 Bc6 25.Qxd5 Nxd5 26.Bg3 d3 27.Nc4 Ba4 28.Red1 Bc2 29.Rd2 Rc8
30.Nb2 Nc3 31.Rcxc2 dxc2 32.Rxc2 Rc6 33.Kg2 g5 34.h4 h6 35.hxg5 hxg5 36.f3 Kf8
37.Be1 Bd4 38.Bxc3 Rxc3 39.Rxc3 Bxc3 40.Nd3 Ke7 41.f4 gxf4 42.Kf3 b5 43.Kxf4 a5
44.bxa5 Bxa5 45.Ke4 f6 46.Nb4 Kf7 47.exf6 Kxf6 48.Kd5 Kg5 49.Kc6 Kxg4 50.Kxb5 Bd8
51.Nc6 Bc7 52.Nd4 Bf4 53.a4 Bd2 54.Kc4 Kf4 55.Kd5 Be1 56.Nc6 Kf5 57.a5 Bxa5  1/2-1/2

[Event "Acropolis GM"]
[Site "Athens GRE"]
[Date "2003.08.29"]
[Round "5"]
[White "Atalik,S"]
[Black "Kotronias,V"]
[Result "1/2-1/2"]
[WhiteElo "2599"]
[BlackElo "2602"]

1.d4 Nf6 2.c4 e6 3.Nf3 d5 4.Nc3 Be7 5.Bf4 O-O 6.e3 c5 7.dxc5 Bxc5 8.cxd5 Nxd5
9.Nxd5 exd5 10.a3 Nc6 11.Bd3 Bb6 12.O-O d4 13.Qc2 h6 14.e4 Qf6 15.Bg3 Bg4
16.Nd2 Rac8 17.Qb1 Ne5 18.Bxe5 Qxe5 19.Nc4 Qe6 20.Nxb6 Qxb6 21.f3 Be6 22.Rf2 Rc5
23.Qd1 Bb3 24.Qd2 a5 25.g3 Rfc8 26.Kg2 Bc4 27.Rd1 Bxd3 28.Qxd3 Rd8 29.Rdd2 Rb5
30.Qc2 Rc5 31.Qd1 Rb5 32.Qb1 d3 33.Rxd3 Rxd3 34.Qxd3 Rxb2  1/2-1/2

[Event "HMC Calder Cup Rapid Match"]
[Site "'s-Hertogenbosch NED"]
[Date "2003.08.30"]
[Round "1"]
[White "Fridman,D2"]
[Black "Van der Stricht,G"]
[Result "1-0"]
[WhiteElo "2592"]
[BlackElo "2450"]

1.Nf3 d5 2.d4 Nf6 3.c4 e6 4.Nc3 Be7 5.Bf4 O-O 6.e3 c5 7.dxc5 Bxc5 8.a3 Nc6
9.cxd5 Nxd5 10.Nxd5 exd5 11.Bd3 Bb6 12.b4 a6 13.h3 d4 14.e4 Bc7 15.Qd2 Bxf4
16.Qxf4 Be6 17.O-O Qb8 18.e5 h6 19.Qe4 g6 20.Nxd4 Nxd4 21.Qxd4 Rd8 22.Qe3 Qa7
23.Rfe1 Qxe3 24.Rxe3 a5 25.b5 Rac8 26.Be4 Rc5 27.Rb1 b6 28.Bf3 Rd2 29.Bg4 Ba2
30.e6 fxe6 31.Bxe6+ Kg7 32.Bxa2 Rxa2 33.Re6 Rf5 34.Rc1 Rfxf2 35.Rc7+ Rf7
36.Rcc6 Rxa3 37.Rxg6+ Kf8 38.Rc8+ Ke7 39.Rc7+  1-0

[Event "Polish Extraleague"]
[Site "Lubniewice POL"]
[Date "2003.09.01"]
[Round "3"]
[White "Cyborowski,L"]
[Black "Czerwonski,A"]
[Result "1-0"]
[WhiteElo "2550"]
[BlackElo "2373"]

1.d4 d5 2.c4 e6 3.Nf3 Nf6 4.Nc3 Be7 5.Bf4 O-O 6.e3 c5 7.dxc5 Bxc5 8.a3 Nc6
9.Qc2 Qa5 10.O-O-O dxc4 11.Bxc4 a6 12.Bd3 Be7 13.Kb1 Rd8 14.Ne4 g6 15.Nxf6+ Bxf6
16.Be4 Bd7 17.Qb3 Be8 18.Rxd8 Nxd8 19.Rc1 Ba4 20.Bc7 Qxc7 21.Qxa4 Qb6 22.Qb4 Qxb4
23.axb4 Be7 24.Bxb7 Nxb7 25.Rc7 Bxb4 26.Rxb7 a5 27.Ne5 Rd8 28.Nxf7 Rd1+ 29.Ka2 Rd2
30.Nh6+ Kf8 31.Ng4 h5 32.Ne5 Rxf2 33.Nxg6+ Ke8 34.Nf4 e5 35.Nxh5 Rxg2 36.Nf6+ Kf8
37.h4 Be7 38.Nd7+ Ke8 39.h5 Rh2 40.Nxe5 Bg5 41.Nf3 Rxh5 42.Rb5  1-0

[Event "12th Monarch Assurance"]
[Site "Port Erin IOM"]
[Date "2003.09.03"]
[Round "7"]
[White "Pert,N"]
[Black "Hutchinson,P"]
[Result "1-0"]
[WhiteElo "2483"]
[BlackElo "2255"]

1.d4 d5 2.Nf3 Nf6 3.c4 e6 4.Nc3 Be7 5.Bf4 c6 6.e3 Nbd7 7.c5 Nh5 8.Bd3 f5
9.O-O O-O 10.b4 Nhf6 11.Ne2 Ne4 12.Ne5 g5 13.Nxd7 Bxd7 14.Be5 Bf6 15.f3 Bxe5
16.dxe5 g4 17.fxe4 fxe4 18.Rxf8+ Qxf8 19.Bxe4 Qh6 20.Nf4 Qg7 21.Qd4 dxe4
22.Nh5 Qh6 23.Nf6+ Kh8 24.Nxd7 g3 25.hxg3 Rd8 26.Rd1 Qg7 27.Qd6 Qxg3 28.Qxe6 Qxe3+
29.Kh1 Rg8 30.Nf6 Rf8 31.Qh3  1-0

[Event "FSGM September"]
[Site "Budapest HUN"]
[Date "2003.09.07"]
[Round "2"]
[White "Pert,N"]
[Black "Bui Vinh"]
[Result "1/2-1/2"]
[WhiteElo "2483"]
[BlackElo "2469"]

1.d4 d5 2.c4 e6 3.Nf3 Nf6 4.Nc3 Be7 5.Bf4 O-O 6.e3 a6 7.cxd5 Nxd5 8.Nxd5 exd5
9.Bd3 c6 10.Qc2 Qa5+ 11.Nd2 h6 12.O-O Nd7 13.a3 Nf6 14.h3 Be6 15.b4 Qd8 16.Rab1 Re8
17.a4 Rc8 18.Rfc1 Bd6 19.Bxd6 Qxd6 20.Qc5 Qb8 21.Rb3 Kh8 22.Qc2 Qd6 23.Qb1 g5
24.Bf5 Kg7 25.Bxe6 Qxe6 26.Rbc3 h5 27.b5 axb5 28.axb5 g4 29.bxc6 bxc6 30.h4 g3
31.f3 c5 32.Nf1 Rb8 33.Qc2 c4 34.Nxg3 Kh8 35.Qf5 Rg8 36.Qf4 Rb2 37.R3c2 Rb3
38.Rc3 Rb2 39.e4 dxe4 40.Qh6+ Nh7 41.Qxe6 fxe6 42.fxe4 Nf6 43.Rf3 Rb3 44.Rxf6 Rbxg3
45.Rh6+ Kg7 46.Rxh5 Kf6 47.Rc2 R8g4 48.Rh6+ Ke7 49.Kh2 Rd3 50.Rxc4 Rd2 51.Kh3 Rdxg2
52.Rc7+ Kd6 53.Rc3 Rg1  1/2-1/2

[Event "ch-Nordic"]
[Site "Aarhus DEN"]
[Date "2003.09.08"]
[Round "3"]
[White "Olafsson,H1"]
[Black "Naes,F"]
[Result "1-0"]
[WhiteElo "2498"]
[BlackElo "2330"]

1.c4 Nf6 2.Nc3 e6 3.Nf3 d5 4.d4 Be7 5.Bf4 O-O 6.e3 c5 7.dxc5 Bxc5 8.a3 dxc4
9.Bxc4 a6 10.Qc2 b5 11.Ba2 Nbd7 12.Rd1 Qb6 13.Ng5 g6 14.Nce4 Be7 15.Bd6 Bxd6
16.Nxd6 b4 17.Ngxf7 b3 18.Bxb3 Nc5 19.Ba2 Rxf7 20.b4 Rc7 21.bxc5 Rxc5 22.Qd2 Qc6
23.O-O Bd7 24.Qd4 Rf8 25.e4 Kg7 26.f4 Rc3 27.Nc4 Rxc4 28.Bxc4 Rc8 29.e5 Nd5
30.Bxd5 exd5 31.e6+  1-0

[Event "FSIM September"]
[Site "Budapest HUN"]
[Date "2003.09.10"]
[Round "5"]
[White "Galyas,M"]
[Black "Steiner,B"]
[Result "1/2-1/2"]
[WhiteElo "2419"]
[BlackElo "2245"]

1.d4 d5 2.c4 e6 3.Nf3 Nf6 4.Nc3 Be7 5.Bf4 O-O 6.e3 c5 7.dxc5 Bxc5 8.cxd5 Nxd5
9.Nxd5 exd5 10.a3 Nc6 11.Bd3 Bb6 12.O-O Bg4 13.h3 Bh5 14.b4 Re8 15.Rc1 d4
16.g4 Bg6 17.Bxg6 hxg6 18.b5 Ne7 19.Nxd4 Nd5 20.Ne2 g5 21.Bg3 Nxe3 22.Qxd8 Raxd8
23.Rfe1 Nd5 24.Kf1 Ba5 25.Red1 Rxe2 26.Kxe2 Nc3+  1/2-1/2

[Event "56th ch-RUS"]
[Site "Krasnoyarsk RUS"]
[Date "2003.09.12"]
[Round "9"]
[White "Najer,E"]
[Black "Zvjaginsev,V"]
[Result "1/2-1/2"]
[WhiteElo "2608"]
[BlackElo "2653"]

1.d4 Nf6 2.c4 e6 3.Nf3 d5 4.Nc3 Be7 5.Bf4 c5 6.dxc5 Na6 7.e3 Nxc5 8.cxd5 Nxd5
9.Nxd5 exd5 10.Bb5+ Bd7 11.Bxd7+ Qxd7 12.O-O O-O 13.Qe2 Rac8 14.Rfd1  1/2-1/2

[Event "Saipa Cup"]
[Site "Tehran IRI"]
[Date "2003.09.20"]
[Round "8"]
[White "Agamaliev,G"]
[Black "Kayumov,S"]
[Result "1/2-1/2"]
[WhiteElo "2518"]
[BlackElo "2479"]

1.d4 d5 2.Nf3 Nf6 3.c4 e6 4.Nc3 Be7 5.Bf4 O-O 6.e3 Nbd7 7.c5 c6 8.Bd3 b6
9.b4 a5 10.a3 Ba6 11.O-O Qc8 12.Qc2 Bxd3 13.Qxd3 Qb7 14.h3 Ra6 15.Rfc1 axb4
16.axb4 b5 17.Nd2 Rfa8 18.Rab1 Bd8 19.Nb3 Bc7 20.Bxc7 Qxc7 21.f4  1/2-1/2

[Event "zt 2.4"]
[Site "Sao Paulo BRA"]
[Date "2003.09.25"]
[Round "7"]
[White "Mecking,H"]
[Black "Milos,G"]
[Result "1/2-1/2"]
[WhiteElo "2556"]
[BlackElo "2592"]

1.d4 Nf6 2.c4 e6 3.Nf3 d5 4.Nc3 Be7 5.Bf4 O-O 6.e3 Nbd7 7.Qc2 c5 8.cxd5 Nxd5
9.Nxd5 exd5 10.Be2 cxd4 11.exd4 Bb4+ 12.Bd2 Bxd2+ 13.Qxd2 Nf6 14.O-O Qb6
15.Bd3 Ne4 16.Qc2 Bf5 17.Rfe1 Rfc8 18.Qb3 Qxb3 19.axb3 a5 20.h3 f6 21.Ra3 Nd6
22.Bxf5 Nxf5 23.Rea1 b6 24.b4 Rc4 25.bxa5 Rxa5 26.Rxa5 bxa5 27.b3  1/2-1/2

[Event "Tatry Open"]
[Site "Tatranske Zruby SVK"]
[Date "2003.09.27"]
[Round "1"]
[White "Novak,Jar"]
[Black "Szamos,A"]
[Result "0-1"]
[WhiteElo "1986"]
[BlackElo "2274"]

1.d4 Nf6 2.c4 e6 3.Nc3 d5 4.Nf3 Be7 5.Bf4 O-O 6.e3 b6 7.Be2 Bb7 8.h3 Nbd7
9.O-O c5 10.Bh2 Rc8 11.Rc1 dxc4 12.Bxc4 cxd4 13.Qxd4 e5 14.Bxe5 Bxf3 15.gxf3 Nxe5
16.Qxe5 Rxc4 17.Nd5 Bd6 18.Nxf6+ gxf6 19.Qh5 Rxc1 20.Rxc1 Kh8 21.Kh1 Qe7
22.f4 Qe4+ 23.Kh2 Rg8 24.Rg1 Rxg1 25.Kxg1 Qg6+ 26.Qg4 f5 27.Qg3 Kg7 28.Kf1 Qxg3
29.fxg3 h5 30.Ke2 Kf6 31.Kf3 Ke6 32.e4 fxe4+ 33.Kxe4 f5+ 34.Kf3 Kd5 35.g4 hxg4+
36.hxg4 fxg4+ 37.Kxg4 Ke4 38.f5 Be7 39.Kg3 Kxf5 40.Kf3 Bg5  0-1

[Event "12th Monarch Assurance"]
[Site "Port Erin IOM"]
[Date "2003.09.28"]
[Round "2"]
[White "Aagaard,J"]
[Black "Kovachev,D"]
[Result "1-0"]
[WhiteElo "2360"]
[BlackElo "2066"]

1.d4 d5 2.c4 e6 3.Nc3 Nf6 4.Nf3 Be7 5.Bf4 O-O 6.e3 b6 7.Rc1 c6 8.Bd3 Bb7
9.O-O dxc4 10.Bxc4 c5 11.Qe2 Nd5 12.Bg3 cxd4 13.exd4 a6 14.Bxd5 Bxd5 15.Bc7 Qxc7
16.Nxd5 Qd6 17.Nxe7+ Qxe7 18.d5 Nd7 19.Rfd1 e5 20.Rc7 Rfd8 21.d6 Qf6 22.Qe4 Rab8
23.h4 h6 24.Qd5 e4 25.Qxe4 Qxb2 26.Qe7 Qb5 27.a4 Qxa4 28.Rd4 Qb5 29.Rf4 f6
30.Rg4 g5 31.hxg5 Qb1+ 32.Kh2 Qf5 33.g6 Qh5+ 34.Kg1 Qxg4 35.Qh7+ Kf8 36.Qh8+  1-0

[Event "ECC"]
[Site "Rethymnon GRE"]
[Date "2003.09.28"]
[Round "1"]
[White "Cyborowski,L"]
[Black "Yilmaz,T"]
[Result "0-1"]
[WhiteElo "2550"]
[BlackElo "2314"]

1.Nf3 Nf6 2.c4 e6 3.Nc3 d5 4.d4 Be7 5.Bf4 O-O 6.e3 c6 7.h3 Nbd7 8.c5 b5 9.b4 a5
10.a3 Ne4 11.Qc1 f5 12.Bd3 g5 13.Bh2 Bf6 14.Ne2 Bg7 15.Ne5 Nxe5 16.Bxe5 Bd7
17.f3 Nf6 18.O-O a4 19.Bd6 Rf7 20.Qe1 Ne8 21.Be5 Bf6 22.Bh2 h5 23.g4 Rh7
24.Qg3 Ng7 25.Kf2 Rh6 26.Rg1 Rg6 27.Raf1 Be8 28.Re1 Ra7  0-1

[Event "ECC"]
[Site "Rethymnon GRE"]
[Date "2003.10.03"]
[Round "6"]
[White "Herndl,H"]
[Black "Bujupi,B"]
[Result "1/2-1/2"]
[WhiteElo "2334"]
[BlackElo "2205"]

1.d4 Nf6 2.c4 e6 3.Nc3 d5 4.Nf3 Be7 5.Bf4 O-O 6.e3 dxc4 7.Bxc4 a6 8.O-O b5
9.Bb3 Bb7 10.Rc1 c6 11.Ne5 Nbd7 12.Qf3 Rc8 13.Ne4 Nxe4 14.Qxe4 Nxe5 15.Bxe5 Re8
16.Qg4 g6 17.f4 Qd7 18.h4 h5 19.Qg3 Kh7 20.f5 exf5 21.Bxf7 Rg8 22.e4 Rcf8
23.exf5 gxf5 24.Bxg8+ Rxg8 25.Qf3 Kg6 26.Qf4 Bc8 27.Rc3 Kh7 28.Qf3 Rg4 29.Qxc6 Qxc6
30.Rxc6 Bb7 31.Rc7 Rxg2+ 32.Kh1 Be4 33.Rf4 Rc2+ 34.Kg1 Rxc7 35.Bxc7 Kg6 36.Kf2 Kf6
37.Ke3 Ke6 38.Rf2 Kd5 39.Bg3 Bf6 40.Rd2 a5 41.Rd1 a4 42.Bf4 Bxh4 43.Rc1 Be7
44.Rc7 Ke6 45.Rc8 h4 46.Rg8 h3 47.Rh8 Bg2 48.Rh6+ Kd5 49.Rb6 Kc4 50.Re6 Bg5
51.Bxg5 h2 52.Rh6 h1=Q 53.Rxh1 Bxh1 54.Bf6  1/2-1/2

[Event "1st ch-Mediterranean"]
[Site "Beruit LIB"]
[Date "2003.10.05"]
[Round "9"]
[White "Abdel Razik,K"]
[Black "Kayle,C"]
[Result "1-0"]
[WhiteElo "2391"]
[BlackElo "2070"]

1.d4 d5 2.c4 e6 3.Nc3 Nf6 4.Nf3 Be7 5.Bf4 O-O 6.c5 b6 7.b4 a5 8.a3 axb4 9.axb4 Rxa1
10.Qxa1 Ne4 11.e3 Nc6 12.Qb2 bxc5 13.bxc5 f6 14.Bd3 e5 15.Nxe4 dxe4 16.Bxe4 Nxd4
17.exd4 exf4 18.O-O Bg4 19.Nd2 Kh8 20.h3 Bh5 21.Nc4 f5 22.Bc6 f3 23.g3 f4
24.g4 Bf7 25.Na5 Bf6 26.Rd1 Qe7 27.Qc3 h5 28.Bxf3 hxg4 29.hxg4 g6 30.Nc6 Qd7
31.Ne5 Qa4 32.Ra1 Qb3 33.Nxg6+  1-0